Представление документа в формате MARC21

Поле Инд. ПП Название Значение
Тип записи a
Библиографический уровень m
001 Контрольный номер 55516d1b044448b8a32a963ef25e2bf7
005 Дата корректировки 20251201154702.3
020 a ISBN 978-5-93700-238-9
c Цена, тираж 100-38
040 b Код языка каталог. rus
e Правила каталог. PSBO
041 0_ a Код языка текста rus
080 a Индекс УДК 004.85
084 a Индекс другой классификации/Индекс ББК 32.813.5
090 a Полочн. индекс 681.3
x Авторский знак Ч-57
097 b Оператор 03
100 1_ a Автор Чжоу Хун
245 10 a Заглавие Машинное обучение сквозь призму Excel
b Продолж. заглавия примеры и упражнения
260 a Место издания Москва
b Издательство ДМК Пресс
c Дата издания 2025
300 a Объем 270 с.
b Иллюстрации/ тип воспроизводства ил.
336 a Термин вида содержания Текст
337 a Термин типа средства непосредственный
510 0_ a Примечание о ссылках Книги и методические пособия
650 04 a Основная рубрика 28.23 Искусственный интеллект
x Основная подрубрика 28.23.25 Модели и системы обучения
653 0_ a Ключевые слова машинное обучение; Excel; датамайнинг; анализ данных
900 a Имя электронного ресурса Чжоу - Машинное обучение сквозь призму Excel Примеры и упражнения (001)
900 a Имя электронного ресурса Чжоу - Машинное обучение сквозь призму Excel Примеры и упражнения
901 t Тип документа m